01167nam a2200241 a 450000100060000000300090000600800410001504000280005608200180008410000280010224501700013026000370030030000080033749000220034550501620036759001130052965000390064265000270068165000230070894200120073199900170074395201650076022552CO-ViMGA141112s2004 ck r 000 u spa d aCO-ViMGAbspacCO-ViMGA04a741.018 S155c1 aSanmiguel, David93203710aCómo mezclar colores : bUn estudio práctico y completo, pintando al óleo y a la acuarela, con una enseñanza progresiva y visual del arte de mezclar colores. aBarcelona : bParramón, c2006 a111 aAprender Haciendo aTeoria del color : instrucciones y materiales 9 - 20 - - Mezclas con primarios, secundarios, blanco y negro 23 - 40 - - Mezclando todos los colores 43 - 74  aForma de adquisición : Compra - - Precio : 78.000 - - Proveedor : Dismet - - Fecha de adquisición : 200814aCOLOR EN EL ARTE - TECNICAS93203814aOLEO - ACUARELA93203914aPINTURA - TECNICAS 2ddccBK c30853d30853 00102ddc40708003aMEVIECARbMEVIECARd2015-12-04hVolumen. 1 | 11/jun/2009l1o741.018 S155c p22552r2021-10-22 00:00:00s2021-09-28tEj. 1w2015-12-04yBK